| 000 | 00508cam a2200181 a 4500 | ||
|---|---|---|---|
| 001 | 000008431 | ||
| 005 | 20200929161336.0 | ||
| 008 | 920313s1991 fr 000 0 fre | ||
| 020 | _a2207238121 | ||
| 040 |
_aDO-SdBNP _bspa _cBNPHU |
||
| 082 |
_a843.912 _bV272c |
||
| 100 | 1 |
_aVanoyeke, Violaine. _922712 |
|
| 245 | 1 | 3 |
_aLe crottin du diable / _cViolaine Vanoyeke. |
| 260 |
_aParis : _bDenoƫl, _c1991. |
||
| 300 |
_a249 p. ; _c23 cm. |
||
| 650 | 4 |
_aNovela francesa _91075 |
|
| 650 | 4 |
_aLiteratura francesa _91074 |
|
| 999 |
_c8202 _d8202 |
||